<?xml version="1.0" encoding="UTF-8"?><?xml-stylesheet type="text/xsl" href="static/style.xsl"?><OAI-PMH xmlns="http://www.openarchives.org/OAI/2.0/" xmlns:xsi="http://www.w3.org/2001/XMLSchema-instance" xsi:schemaLocation="http://www.openarchives.org/OAI/2.0/ http://www.openarchives.org/OAI/2.0/OAI-PMH.xsd"><responseDate>2026-06-07T23:47:42Z</responseDate><request verb="GetRecord" identifier="oai:docta.ucm.es:20.500.14352/12262" metadataPrefix="marc">https://docta.ucm.es/rest/oai/request</request><GetRecord><record><header><identifier>oai:docta.ucm.es:20.500.14352/12262</identifier><datestamp>2023-08-25T10:21:58Z</datestamp><setSpec>com_20.500.14352_14</setSpec><setSpec>col_20.500.14352_15</setSpec></header><metadata><record xmlns="http://www.loc.gov/MARC21/slim" xmlns:dcterms="http://purl.org/dc/terms/" xmlns:xsi="http://www.w3.org/2001/XMLSchema-instance" xmlns:doc="http://www.lyncode.com/xoai" xsi:schemaLocation="http://www.loc.gov/MARC21/slim http://www.loc.gov/standards/marcxml/schema/MARC21slim.xsd">
   <leader>00925njm 22002777a 4500</leader>
   <datafield ind2=" " ind1=" " tag="042">
      <subfield code="a">dc</subfield>
   </datafield>
   <datafield ind2=" " ind1=" " tag="720">
      <subfield code="a">Aguilar Moreno, Marta</subfield>
      <subfield code="e">author</subfield>
   </datafield>
   <datafield ind2=" " ind1=" " tag="720">
      <subfield code="a">Cabrera Molina, Ángela</subfield>
      <subfield code="e">author</subfield>
   </datafield>
   <datafield ind2=" " ind1=" " tag="260">
      <subfield code="c">2018-09</subfield>
   </datafield>
   <datafield ind2=" " ind1=" " tag="520">
      <subfield code="a">Gyotaku es una técnica oriental de estampación natural de peces u otras especies marinas. Consiste en la transferencia de la morfología externa del pez al papel o la seda; normalmente imprimiendo por frotación, tras aplicar directamente la tinta sobre el cuerpo del pez. Proponemos utilizar el Gyotaku en el proceso de aprendizaje del niño; con el objetivo de promover un aula más atractiva, didáctica e innovadora. Para conseguirlo, utilizaremos el carácter lúdico y novedoso de esta técnica en la adquisición placentera de conocimientos de la naturaleza. A través de un aprendizaje sostenible y exploratorio, junto con una metodología participativa, se promoverá el desarrollo de la observación, la imaginación y la creatividad; fomentando en el niño el placer de aprender. A su vez, nos planteamos lograr conductas de sensibilización en cuanto a una educación ambiental para la sostenibilidad.</subfield>
   </datafield>
   <datafield ind2=" " ind1=" " tag="520">
      <subfield code="a">Gyotaku is an oriental technique of natural stamping of fish or other marine species. It consists of the transfer of the external morphology of the fish to paper or silk; normally printing by rubbing, after applying the ink on the body of the fish directly. We propose to use Gyotaku in the child’s learning process; with the aim of promoting a more attractive, didactic and innovative classroom. To achieve this, we will use the playful and innovative nature of this technique in the pleasant acquisition of knowledge of nature. Through a sustainable and exploratory learning, together with a participatory methodology, the development of observation, imagination
and creativity will be promoted; fostering in the child the pleasure of learning. At the same time, we set out to achieve awareness-raising behaviors regarding environmental education for sustainability</subfield>
   </datafield>
   <datafield ind1="8" ind2=" " tag="024">
      <subfield code="a">2254-0709</subfield>
   </datafield>
   <datafield ind1="8" ind2=" " tag="024">
      <subfield code="a">DOI - 10.6035/Artseduca.2018.21.7</subfield>
   </datafield>
   <datafield ind1="8" ind2=" " tag="024">
      <subfield code="a">https://hdl.handle.net/20.500.14352/12262</subfield>
   </datafield>
   <datafield ind1="8" ind2=" " tag="024">
      <subfield code="a">http://www.e-revistes.uji.es/index.php/artseduca/index</subfield>
   </datafield>
   <datafield ind2="0" ind1="0" tag="245">
      <subfield code="a">El descubrimiento a través del Gyotaku</subfield>
   </datafield>
</record></metadata></record></GetRecord></OAI-PMH>